LIBRARY & INFORMATION CENTRE, KCAET, TAVANUR

ONLINE PUBLIC ACCESS CATALOGUE (OPAC)

Evaluation of effect of plastic mulch on the groeth and yiels of brinjal under open field condition (Record no. 16317)

MARC details
000 -LEADER
fixed length control field 00588nam a22001697a 4500
003 - CONTROL NUMBER IDENTIFIER
control field OSt
082 ## - DEWEY DECIMAL CLASSIFICATION NUMBER
Classification number 631.7
Item number ABD/EV
100 ## - MAIN ENTRY--AUTHOR NAME
Personal name Abdul Habeer, C. K
100 ## - MAIN ENTRY--AUTHOR NAME
Personal name Amrutha. G
100 ## - MAIN ENTRY--AUTHOR NAME
Personal name Jinshamol, P
100 ## - MAIN ENTRY--AUTHOR NAME
Personal name Shamna, N. P
245 ## - TITLE STATEMENT
Title Evaluation of effect of plastic mulch on the groeth and yiels of brinjal under open field condition
260 ## - PUBLICATION, DISTRIBUTION, ETC. (IMPRINT)
Place of publication Tavanur
Name of publisher Department of Soil and Water Conservation Engineering
700 ## - ADDED ENTRY--PERSONAL NAME
Personal name Sathian, K. K
856 ## - ELECTRONIC LOCATION AND ACCESS
Uniform Resource Identifier https://drive.google.com/file/d/18ZF-la76trnBlKFUnarHgH2JkMi-eObf/view?usp=sharing
942 ## - ADDED ENTRY ELEMENTS (KOHA)
Koha item type Project Report
Holdings
Collection code Home library Current library Shelving location Full call number Accession Number Koha item type
General Books KAUAET KAUAET Reference 631.7 ABD/EV P 478 Project Report
free website counter